Hoàn thiện thủ tục pháp lý về hòa giải trong giải quyết tranh chấp kinh doanh, thương mại tại tòa án : Luận văn Thạc sĩ Luật học chuyên ngành Luật kinh tế

Đề tài nghiên cứu những vấn đề lý luận của thủ tục pháp lý, thực trạng thủ tục pháp lý và phương hướng, giải pháp hoàn thiện thủ tục pháp lý về hòa giải trong việc giải quyết tranh chấp kinh doanh, thương mại tại tòa án....

Descripción completa

Guardado en:
Detalles Bibliográficos
Autor principal: Tăng, Thị Nhớ
Formato: Libro
Lenguaje:Undetermined
Publicado: Cần Thơ Trường Đại học Cần Thơ 2014
Materias:
Etiquetas: Agregar Etiqueta
Sin Etiquetas, Sea el primero en etiquetar este registro!
Thư viện lưu trữ: Trung tâm Học liệu Trường Đại học Cần Thơ
LEADER 01212nam a2200229Ia 4500
001 CTU_191802
008 210402s9999 xx 000 0 und d
082 |a 346.59702 
082 |b Nh460 
088 |a 60380107 
100 |a Tăng, Thị Nhớ 
245 0 |a Hoàn thiện thủ tục pháp lý về hòa giải trong giải quyết tranh chấp kinh doanh, thương mại tại tòa án : 
245 0 |b Luận văn Thạc sĩ Luật học chuyên ngành Luật kinh tế 
245 0 |c Tăng Thị Nhớ ; Nguyễn Hạnh (Hướng dẫn khoa học) 
260 |a Cần Thơ 
260 |b Trường Đại học Cần Thơ 
260 |c 2014 
520 |a Đề tài nghiên cứu những vấn đề lý luận của thủ tục pháp lý, thực trạng thủ tục pháp lý và phương hướng, giải pháp hoàn thiện thủ tục pháp lý về hòa giải trong việc giải quyết tranh chấp kinh doanh, thương mại tại tòa án. 
650 |a Hợp đồng,Contracts 
650 |z Việt Nam,Vietnam 
910 |a Hải 
980 |a Trung tâm Học liệu Trường Đại học Cần Thơ